Nanon Ki Ainak (Record no. 299620)
[ view plain ]
| 000 -LEADER | |
|---|---|
| fixed length control field | 00263 a2200121 4500 |
| 001 - CONTROL NUMBER | |
| control field | 64547 |
| 082 ## - DEWEY DECIMAL CLASSIFICATION NUMBER | |
| Classification number | 891.4393 |
| 090 ## - LOCALLY ASSIGNED LC-TYPE CALL NUMBER (OCLC); LOCAL CALL NUMBER (RLIN) | |
| -- | 38175 |
| -- | 38175 |
| 100 ## - MAIN ENTRY--PERSONAL NAME | |
| Personal name | Sang-e-meel |
| 245 ## - TITLE STATEMENT | |
| Title | Nanon Ki Ainak |
| Medium | Urdu |
| 260 ## - PUBLICATION, DISTRIBUTION, ETC. | |
| Place of publication, distribution, etc. | Lahore |
| Name of publisher, distributor, etc. | Sange-e- Meel |
| Date of publication, distribution, etc. | 2000 |
| 300 ## - PHYSICAL DESCRIPTION | |
| Extent | 20p. |
| 942 ## - ADDED ENTRY ELEMENTS (KOHA) | |
| Institution code [OBSOLETE] | NUST-CAE |
| Call number prefix | 891.4393 |
| Withdrawn status | Lost status | Damaged status | Not for loan | Collection code | Permanent Location | Current Location | Date acquired | Total Checkouts | Full call number | Barcode | Date last seen | Price effective from | Koha item type |
|---|---|---|---|---|---|---|---|---|---|---|---|---|---|
| College of Aeronautical Engineering (CAE) | College of Aeronautical Engineering (CAE) | 04/03/2017 | 891.4393 | CAEN-4094 | 04/05/2017 | 04/05/2017 | Book |
